00000000nam 2200000za 4500
0019.652960
003CaOODSP
00520240508145526
007ta
008150407|1988||||xxc|||||     f|0| 0 fre d
020 |a0-660-54239-0
040 |aCaOODSP|bfre
041 |aeng
041 |afre
043 |an-cn---
0861 |aYX45-1/1985
1101 |aCanada.|bStatuts.
24510|aLois révisées du Canada (1985), Table de concordance
260 |bStatuts, |c1988.
300 |a382 p. ; |c25 cm.
590 |a88-30|b1988-07-29
7760#|tRevised Statutes of Canada, 1985. Table of concordance / |w(CaOODSP)9.676813
791 |tRevised Statutes of Canada, 1985, Table of concordance |eeng|w(CaOODSP)9.652959